RuPaul's Drag Race UK Queens by Photo - Statistics

General Stats
  • This quiz has been taken 494 times
    102 since last reset
  • The average score is 58 of 80
Answer Stats
Picture Hint Answer % Correct
πŸ‡¬πŸ‡§ Season 2 πŸ‡¬πŸ‡§ Lawrence Chaney
93%
πŸ‡¬πŸ‡§ Season 1 πŸ‡¬πŸ‡§ The Vivienne
89%
πŸ‡¬πŸ‡§ Season 2 πŸ‡¬πŸ‡§ Tia Kofi
89%
πŸ‡¬πŸ‡§ Season 4 πŸ‡¬πŸ‡§ Danny Beard
87%
πŸ‡¬πŸ‡§ Season 2 πŸ‡¬πŸ‡§ Ginny Lemon
86%
πŸ‡¬πŸ‡§ Season 3 πŸ‡¬πŸ‡§ Krystal Versace
84%
πŸ‡¬πŸ‡§ Season 1 πŸ‡¬πŸ‡§ Sum Ting Wong
84%
πŸ‡¬πŸ‡§ Season 2 πŸ‡¬πŸ‡§ Tayce
83%
πŸ‡¬πŸ‡§ Season 6 πŸ‡¬πŸ‡§ Kyran Thrax
81%
πŸ‡¬πŸ‡§ Season 1 πŸ‡¬πŸ‡§ Baga Chipz
80%
πŸ‡¬πŸ‡§ Season 2 πŸ‡¬πŸ‡§ Bimini Bon-Boulash
80%
πŸ‡¬πŸ‡§ Season 1 πŸ‡¬πŸ‡§ Cheryl
80%
πŸ‡¬πŸ‡§ Season 4 πŸ‡¬πŸ‡§ Black Peppa
79%
πŸ‡¬πŸ‡§ Season 6 πŸ‡¬πŸ‡§ La Voix
79%
πŸ‡¬πŸ‡§ Season 2 πŸ‡¬πŸ‡§ A'Whora
77%
πŸ‡¬πŸ‡§ Season 2 πŸ‡¬πŸ‡§ Cherry Valentine
77%
πŸ‡¬πŸ‡§ Season 3 πŸ‡¬πŸ‡§ Ella Vaday
77%
πŸ‡¬πŸ‡§ Season 2 πŸ‡¬πŸ‡§ Veronica Green
77%
πŸ‡¬πŸ‡§ Season 3 πŸ‡¬πŸ‡§ Victoria Scone
77%
πŸ‡¬πŸ‡§ Season 1 πŸ‡¬πŸ‡§ Blu Hydrangea
76%
πŸ‡¬πŸ‡§ Season 3 πŸ‡¬πŸ‡§ Charity Kase
76%
πŸ‡¬πŸ‡§ Season 1 πŸ‡¬πŸ‡§ Gothy Kendoll
76%
πŸ‡¬πŸ‡§ Season 2 πŸ‡¬πŸ‡§ Joe Black
76%
πŸ‡¬πŸ‡§ Season 3 πŸ‡¬πŸ‡§ Kitty Scott-Claus
76%
πŸ‡¬πŸ‡§ Season 4 πŸ‡¬πŸ‡§ Cheddar Gorgeous
74%
πŸ‡¬πŸ‡§ Season 3 πŸ‡¬πŸ‡§ Choriza May
74%
πŸ‡¬πŸ‡§ Season 1 πŸ‡¬πŸ‡§ Crystal
74%
πŸ‡¬πŸ‡§ Season 2 πŸ‡¬πŸ‡§ Ellie Diamond
74%
πŸ‡¬πŸ‡§ Season 7 πŸ‡¬πŸ‡§ Paige Three
74%
πŸ‡¬πŸ‡§ Season 4 πŸ‡¬πŸ‡§ Sminty Drop
74%
πŸ‡¬πŸ‡§ Season 3 πŸ‡¬πŸ‡§ Veronica Green
74%
πŸ‡¬πŸ‡§ Season 1 πŸ‡¬πŸ‡§ Divina de Campo
73%
πŸ‡¬πŸ‡§ Season 3 πŸ‡¬πŸ‡§ Elektra Fence
73%
πŸ‡¬πŸ‡§ Season 4 πŸ‡¬πŸ‡§ Le Fil
73%
πŸ‡¬πŸ‡§ Season 1 πŸ‡¬πŸ‡§ Vinegar Strokes
73%
πŸ‡¬πŸ‡§ Season 6 πŸ‡¬πŸ‡§ Actavia
71%
πŸ‡¬πŸ‡§ Season 3 πŸ‡¬πŸ‡§ Anubis
71%
πŸ‡¬πŸ‡§ Season 7 πŸ‡¬πŸ‡§ Bones
71%
πŸ‡¬πŸ‡§ Season 6 πŸ‡¬πŸ‡§ Dita Garbo
71%
πŸ‡¬πŸ‡§ Season 6 πŸ‡¬πŸ‡§ Lill
71%
πŸ‡¬πŸ‡§ Season 3 πŸ‡¬πŸ‡§ River Medway
71%
πŸ‡¬πŸ‡§ Season 3 πŸ‡¬πŸ‡§ Scarlett Harlett
71%
πŸ‡¬πŸ‡§ Season 3 πŸ‡¬πŸ‡§ Vanity Milan
71%
πŸ‡¬πŸ‡§ Season 7 πŸ‡¬πŸ‡§ Catrin Feelings
70%
πŸ‡¬πŸ‡§ Season 4 πŸ‡¬πŸ‡§ Dakota Schiffer
70%
πŸ‡¬πŸ‡§ Season 4 πŸ‡¬πŸ‡§ Jonbers Blonde
70%
πŸ‡¬πŸ‡§ Season 6 πŸ‡¬πŸ‡§ Marmalade
70%
πŸ‡¬πŸ‡§ Season 1 πŸ‡¬πŸ‡§ Scaredy Kat
70%
πŸ‡¬πŸ‡§ Season 2 πŸ‡¬πŸ‡§ Sister Sister
70%
πŸ‡¬πŸ‡§ Season 4 πŸ‡¬πŸ‡§ Starlet
70%
πŸ‡¬πŸ‡§ Season 7 πŸ‡¬πŸ‡§ Viola
70%
πŸ‡¬πŸ‡§ Season 5 πŸ‡¬πŸ‡§ Cara Melle
69%
πŸ‡¬πŸ‡§ Season 7 πŸ‡¬πŸ‡§ Chai T Grande
69%
πŸ‡¬πŸ‡§ Season 5 πŸ‡¬πŸ‡§ Ginger Johnson
69%
πŸ‡¬πŸ‡§ Season 4 πŸ‡¬πŸ‡§ Just May
69%
πŸ‡¬πŸ‡§ Season 6 πŸ‡¬πŸ‡§ Rileasa Slaves
69%
πŸ‡¬πŸ‡§ Season 4 πŸ‡¬πŸ‡§ Baby
67%
πŸ‡¬πŸ‡§ Season 7 πŸ‡¬πŸ‡§ Bonnie Ann Clyde
67%
πŸ‡¬πŸ‡§ Season 4 πŸ‡¬πŸ‡§ Copper Topp
67%
πŸ‡¬πŸ‡§ Season 5 πŸ‡¬πŸ‡§ Kate Butch
67%
πŸ‡¬πŸ‡§ Season 7 πŸ‡¬πŸ‡§ Nyongbella
67%
πŸ‡¬πŸ‡§ Season 4 πŸ‡¬πŸ‡§ Pixie Polite
67%
πŸ‡¬πŸ‡§ Season 7 πŸ‡¬πŸ‡§ Sallyβ„’
67%
πŸ‡¬πŸ‡§ Season 5 πŸ‡¬πŸ‡§ Tomara Thomas
67%
πŸ‡¬πŸ‡§ Season 5 πŸ‡¬πŸ‡§ Banksie
66%
πŸ‡¬πŸ‡§ Season 6 πŸ‡¬πŸ‡§ Chanel O'Conor
66%
πŸ‡¬πŸ‡§ Season 6 πŸ‡¬πŸ‡§ Charra Tea
66%
πŸ‡¬πŸ‡§ Season 5 πŸ‡¬πŸ‡§ DeDeLicious
66%
πŸ‡¬πŸ‡§ Season 7 πŸ‡¬πŸ‡§ Elle Vosque
66%
πŸ‡¬πŸ‡§ Season 5 πŸ‡¬πŸ‡§ Michael Marouli
66%
πŸ‡¬πŸ‡§ Season 7 πŸ‡¬πŸ‡§ Pasty
66%
πŸ‡¬πŸ‡§ Season 6 πŸ‡¬πŸ‡§ Saki Yew
64%
πŸ‡¬πŸ‡§ Season 6 πŸ‡¬πŸ‡§ Zahirah Zapanta
63%
πŸ‡¬πŸ‡§ Season 5 πŸ‡¬πŸ‡§ Alexis Saint-Pete
61%
πŸ‡¬πŸ‡§ Season 2 πŸ‡¬πŸ‡§ Asttina Mandella
61%
πŸ‡¬πŸ‡§ Season 6 πŸ‡¬πŸ‡§ Kiki Snatch
61%
πŸ‡¬πŸ‡§ Season 5 πŸ‡¬πŸ‡§ Vicki Vivacious
60%
πŸ‡¬πŸ‡§ Season 7 πŸ‡¬πŸ‡§ Tayris Mongardi
59%
πŸ‡¬πŸ‡§ Season 5 πŸ‡¬πŸ‡§ Miss Naomi Carter
56%
πŸ‡¬πŸ‡§ Season 7 πŸ‡¬πŸ‡§ Silllexa Diction
53%
No matching quizzes found
Score Distribution
Percent of People with Each Score
Percentile by Number Answered
Your Score History
You have not taken this quiz since the last reset